000
002470000a22000970004500
100
1
_a
Nassif, Bradley
245
1
0
_a
Eastern orthodoxy and evangelism in dialogue
300
_a
Vol. 17, Núm 1 (1999), Páginas 13-16
773
0
_t
Evangel
942
_c
ANA
999
_c
54459
_d
54459